Central Library OPAC University of Rajshahi

The poems and fairy tales of Oscar Wilde./ (Record no. 77326)

MARC details
000 -LEADER
fixed length control field 00823cam a22002651 4500
001 - CONTROL NUMBER
control field 77326
003 - CONTROL NUMBER IDENTIFIER
rucl marc code BD-RjUL
005 - DATE AND TIME OF LATEST TRANSACTION
control field 20211209082947.0
008 - FIXED-LENGTH DATA ELEMENTS--GENERAL INFORMATION
fixed length control field 720504s1932 nyu 000 0 eng
035 ## - SYSTEM CONTROL NUMBER
System control number (BD-RjUL)77551
040 ## - CATALOGING SOURCE
Original cataloging agency DLC
Transcribing agency OYU
Modifying agency OCoLC
-- TNJ
-- DLC
Language of cataloging eng
041 ## - LANGUAGE CODE
Language code of text/sound track or separate title eng
082 ## - DEWEY DECIMAL CLASSIFICATION NUMBER
Classification number 821.8
Author mark and year WIP 1932
100 1# - MAIN ENTRY--PERSONAL NAME
Personal name Wilde, Oscar,
Dates associated with a name 1854-1900.
9 (RLIN) 240890
245 04 - TITLE STATEMENT
Title The poems and fairy tales of Oscar Wilde./
Statement of responsibility, etc. Oscar Wilde
260 ## - PUBLICATION, DISTRIBUTION, ETC. (IMPRINT)
Place of publication, distribution, etc. New York;
Name of publisher, distributor, etc. Modern Library ,
Date of publication, distribution, etc. [1932]
300 ## - PHYSICAL DESCRIPTION
Pagination vii, 214 p. ;
Size 19 cm.
490 0# - SERIES STATEMENT
Series statement The modern library of the world's best books ;
500 ## - GENERAL NOTE
General note Fairy tales have separate pagination.
650 #0 - SUBJECT ADDED ENTRY--TOPICAL TERM
Topical term or geographic name as entry element Fairy tales
Geographic subdivision Ireland.
9 (RLIN) 240891
906 ## - LOCAL DATA ELEMENT F, LDF (RLIN)
a 7
b cbc
c oclcrpl
d u
e ncip
f 19
g y-gencatlg
942 ## - ADDED ENTRY ELEMENTS (KOHA)
Source of classification or shelving scheme Dewey Decimal Classification
Koha item type Books
Holdings
Lost status Source of classification or shelving scheme Damaged status Not for loan Collection code Permanent Location Current Location Shelving location Date acquired Total Checkouts Full call number Date last seen Copy number Koha item type
  Dewey Decimal Classification     Non-fiction Central Library, University of Rajshahi Central Library, University of Rajshahi   14/03/2020   821.8 WIP 1932 14/03/2020 C-2 Books